Statistics for The Gerald Ford Presidency

Click here to take the quiz!

General Stats

  • This quiz has been taken 419 times
    (414 since last reset)
  • The average score is 11 of 24

Answer Stats

HintAnswer% Correct
Vice President to this US PresidentRichard Nixon
90%
1976 presidential opponentJimmy Carter
88%
He served in the navy during this very deadly warWWII
87%
He granted this to ^ for his role
in the Watergate Scandal
Presidential pardon
79%
Varsity Sport he played when
he attended the University of ^
Football
75%
State in which he was raisedMichigan
70%
1976 GOP primary opponentRonald Reagan
67%
His Vice PresidentNelson Rockefeller
62%
Wife's NameElizabeth Ann "Betty" Ford
61%
Put in charge after the former president did this actionResign
57%
Secretary of State and
National Security Advisor
Henry Kissinger
47%
His middle nameRudolph
43%
Fill-in-the-blankMy fellow Americans, our long national {nightmare} is over
40%
Natural disaster that nearly killed
him in the Philippines in^
Typhoon
37%
State he was born inNebraska
36%
Secretary of Defense (1975-1977)Donald Rumsfeld
31%
Gerald R. Ford Museum location (city)Grand Rapids
28%
Assasins who nearly killed him in 1975Lynette "Squeaky" Fromme
22%
Fill-in-the-blankTo me, the Presidency and the Vice-Presidency were not {prizes} to be won, but a duty to be done.
22%
Accord he signed to mark a move toward détente in the Cold War{Helsinki} Accords
21%
Rank in the US NavyLieutenant Commander
20%
Assasins who nearly killed him in 1975Sara Jane Moore
9%
An American tragedy in which we all have {played} {a} {part}
7%
Fill-in-the-blank{Truth} is the glue that holds government together.
6%

Score Distribution

Percentile by Number Answered

Percent of People with Each Score

Your Score History

You have not taken this quiz since the last reset